000 00294nam a22001337a 4500
008 181016b xxu||||| |||| 00| 0 eng d
020 _a9780632029341
041 _aeng
080 _a617
100 _a5
101 _aKir
245 _aLparoscopi Biliary Surgery
_cBerci.G
942 _2udc
_cBK
999 _c49939
_d49939